1318 1793 1428 1801 1990 1347 1402 1075 1154 1424 1222 1516 1725 1316 1006 1635 1734 1959 1938 1539 1893 1362 1118 1858 1765 1170 1529 1283 1404 1679 1225 1736 1741 1121 1452 1605 1545 1639 1404 1938 1778 1155 1794 1560 1036 1609 1553 1222 1037 1971 1002 1835 1543 1212 1971 1114 1257 1054 1708 1248 1854 1006 1201 1699 1572 1729 1245 1122 1037 1735 1484 1756 1119 1792 1424 1571 1898 1684 1806 1337 1052 1952 1630 1086 1409 1675 1671 1634 1241 1617 1464 1944 1765 1460 1009 1949 1864 1360 1975 BCNSPRNW ULIB Ver.6.0+V

เปลี่ยนเป็นภาษาไทย

Change to English
 แสดงรายละเอียดบรรณานุกรม
  กลับหน้าหลัก

Brief Record : Get Marc (ISO 2709) : E-mail record : QR code < ปิดหน้าต่าง
LEADER : 00000nam 2200000uu 4500
001    13399127416
003     ULIB
008    200520s2562||||th 000 0 tha d
020 ^  ^a9786160035779
050 ^  ^aนว^bณ429ณ
100 0  ^aณารา.
245 ^  ^aณ ปลายรุ้งฉันจะรอเธอ =^bOver the rainbow /^cณารา.
246 3  ^aOver the rainbow
250 ^  ^aพิมพ์ครั้งที่ 1.
260 ^  ^aกรุงเทพฯ :^bพิมพ์คำ,^c2562.
300 ^  ^a552 หน้า ;^c21 ซม.
945    ^p380^l0^i007090
999    ^aประนอม เกษจรัล
รายการนี้ยังไม่มีแท็ก
คุณยังไม่ได้ล็อกอิน คุณสามารถมีกิจกรรมร่วมกับเว็บไซต์ได้ แต่ต้องล็อกอินก่อน ::
  ล็อกอิน

รายการสื่อสารสนเทศ

ลำดับที่ ประเภท เลขเรียก/บาร์โค้ด สถานที่ สถานะ
1. นวนิยาย
นวนิยาย
นว ณ429ณ ฉ.1 
  Barcode: 007090
ห้องสมุดวิทยาเขตสวรรค์ประชารักษ์
►หนังสือทั่วไป
บนชั้น

รายการใกล้เคียง
    ผู้แต่ง [ณารา.]

BibComment


ยังไม่เคยถูกคอมเมนท์

คอมเมนท์ทรัพยากรรายการนี้
  คอมเมนท์: ณ ปลายรุ้งฉันจะร..


 Copyright 2026. Bcnsprnw @Library